| 000 | 00439nam a22001217a 4500 | ||
|---|---|---|---|
| 999 |
_c1161 _d1161 |
||
| 005 | 20200825154112.0 | ||
| 008 | 200825b ||||| |||| 00| 0 eng d | ||
| 020 | _a28655 | ||
| 040 | _cCML | ||
| 245 |
_aLearning Achievement at the Middle Basic Level: Report on Zambia National Assessment Project-2001 _cExamination Council of Zambia. |
||
| 260 |
_aLusaka _bExamination Council of Zambia. _c2001 |
||
| 942 |
_2ddc _cBK _h373 _mMIN |
||